| 000 | 01091nam a2200289Ia 4500 | ||
|---|---|---|---|
| 999 |
_c40011 _d40011 |
||
| 001 | 6617 | ||
| 003 | GE_BSU | ||
| 005 | 20191210155110.0 | ||
| 008 | 181216s2013||||ge |||||||||||||| ||geo|| | ||
| 020 | _a9789941179563 | ||
| 040 | _cGE_BSU | ||
| 041 | _ageo | ||
| 080 | _a330.131.7(075.8) ჩ-12 | ||
| 100 |
_aჩაგანავა, პაატა _91685 |
||
| 245 |
_aრისკის მართვა : _bსახელმძღვ. / _cპაატა ჩაგანავა ; რედ. რეზო მანველიძე. |
||
| 260 | _aთბილისი. | ||
| 260 | _bუნივერსალი. | ||
| 260 | _c2013. | ||
| 300 |
_a339 გვ. : _bცხრ., ნახ. ; _c20 სმ. |
||
| 500 | _a სათ. ინგლ. ენ. | ||
| 501 | _aთავფურ. მე-2 გვ. | ||
| 504 | _aბიბლიოგრ.: გვ. 339-340. | ||
| 653 | _aრისკის მართვა | ||
| 653 | _aეკონომიკა | ||
| 700 |
_aმანველიძე, რეზო _eრედაქტორი _91497 |
||
| 942 |
_cBK _2udc |
||